[Event "Open Ricany 2oo9"]
[Site "?"]
[Date "2009.08.23"]
[Round "2.42"]
[White "Fiala ,Jan"]
[Black "Urban ,Miroslav"]
[Result "1/2-1/2"]
[WhiteElo "1772"]
[BlackElo "1918"]

1. Nf3 Nf6 2. g3 g6 3. Bg2 Bg7 4. O-O O-O 5. Re1 d6 6. e4 e5 7. d4 Nbd7 8. b3
exd4 9. Nxd4 Nh5 10. c3 Nc5 11. b4 Ne6 12. Nf5 Nf6 13. Nh6+ Kh8 14. e5 dxe5
15. Qxd8 Nxd8 16. Rxe5 Be6 17. Re1 a5 18. b5 c6 19. Na3 Rc8 20. Bd2 cxb5
21. Nxb5 Rc5 22. a4 Rh5 23. Bf3 Bxh6 24. Bxh5 Bxd2 25. Red1 Bxc3 26. Nxc3 Nxh5
27. Ne4 Kg7 28. Nd6 Nf6 29. Rab1 Nd5 30. Nxb7 Nc3 31. Nxd8 Re8 32. Ra1 Nxd1
33. Rxd1 Bb3 34. Rd4 Re1+ 35. Kg2 Ra1 36. Nb7 Rd1 37. Rxd1 Bxd1 38. Nxa5 Bxa4
39. f4 Kf6 40. Nc4 Kf5 41. Nd6+ Ke6 42. Nc4 f6 43. Kf3 Bc6+ 44. Ke3 h5 45. Kd4
g5 46. fxg5 fxg5 47. h4 gxh4 48. gxh4 Kf5 49. Ne3+ Kf4 50. Nd5+ Bxd5 51. Kxd5
Kg4 52. Ke4 Kxh4 53. Kf4 1/2-1/2

[Event "Open Ricany 2oo9"]
[Site "?"]
[Date "2009.08.23"]
[Round "2.3"]
[White "Petras ,Milan"]
[Black "Vojta ,Tomas"]
[Result "0-1"]
[WhiteElo "2046"]
[BlackElo "2333"]

1. e4 d5 2. exd5 Nf6 3. c4 e6 4. d4 exd5 5. Nc3 Bb4 6. Nf3 O-O 7. Be2 c6 8. O-O
h6 9. Ne5 Be6 10. c5 b6 11. cxb6 axb6 12. g4 Nfd7 13. Nxd7 Nxd7 14. f4 f5 15. g5
hxg5 16. fxg5 Bd6 17. Qe1 Qe7 18. Qh4 g6 19. Bf4 Rf7 20. Bf3 Nf8 21. Kh1 Qc7
22. Ne2 Re7 23. a3 Bf7 24. Bxd6 Qxd6 25. Qf4 Qd7 26. Rg1 Rae8 27. Nc3 Re3
28. Rg3 Qe7 29. Rf1 Re1 30. Bg2 Rxf1+ 31. Bxf1 Qe1 32. Kg1 Ne6 33. Qh4 Qd2
34. Ne2 Ng7 35. Rc3 Re6 36. Qg3 Qxb2 37. Rb3 Qa1 38. Kf2 b5 39. Re3 Rxe3
40. Qxe3 Ne6 41. h4 Qb2 42. Kf3 Qb1 43. Kf2 Qe4 44. Qxe4 dxe4 45. Ke3 Kf8
46. Nf4 Ke7 47. h5 gxh5 48. Bh3 Nxf4 49. Kxf4 Bg6 50. Ke5 h4 51. Bf1 Bh5
52. Kxf5 0-1

[Event "Open Ricany 2oo9"]
[Site "?"]
[Date "2009.08.23"]
[Round "2.4"]
[White "Kovar ,Vojtech"]
[Black "Moravec ,Vit"]
[Result "1-0"]
[WhiteElo "2328"]
[BlackElo "2053"]

1. Nf3 Nf6 2. c4 c5 3. Nc3 Nc6 4. g3 g6 5. Bg2 Bg7 6. O-O O-O 7. d4 cxd4
8. Nxd4 Nxd4 9. Qxd4 d6 10. Bg5 h6 11. Bd2 Ng4 12. Qf4 h5 13. h3 Bh6 14. Qd4 Bg7
15. Qd5 Nf6 16. Qd3 Rb8 17. Rad1 b6 18. Bg5 Bb7 19. b3 Bxg2 20. Kxg2 Nh7 21. Be3
Nf6 22. Bd4 Qd7 23. Qf3 Qb7 24. e4 Nd7 25. Nd5 Ne5 26. Qe2 Rbd8 27. f4 Nc6
28. Bxg7 Kxg7 29. Qb2+ Kh7 30. Qe2 Kg7 31. Kh2 e6 32. Nc3 Ne7 33. Rfe1 a6
34. Rd2 Rd7 35. Red1 Rfd8 36. Qg2 Qc6 37. Rd3 Qb7 38. R3d2 Qc6 39. Rd3 Qb7
40. a4 Qc6 41. Qb2 Kh7 42. Qd2 Qc5 43. Kg2 Qc6 44. Rd4 Nf5 45. Rd3 Ne7 46. Kh2
Qc5 47. Qg2 Qc6 48. Ne2 d5 49. cxd5 exd5 50. Nd4 Qb7 51. e5 Nc6 52. e6 fxe6
53. Nxe6 Re8 54. Ng5+ Kh6 55. Rxd5 Rde7 56. R1d2 Na5 57. R5d3 Qc7 58. Rc2 Qb8
59. Nf3 Nb7 60. Ne5 Rc7 61. Rxc7 Qxc7 62. Rd7 Qc1 63. Nf7+ Kg7 64. Ng5+ 1-0

[Event "Open Ricany 2oo9"]
[Site "?"]
[Date "2009.08.23"]
[Round "2.8"]
[White "Herejk ,Petr"]
[Black "Framberk ,Jan"]
[Result "1/2-1/2"]
[WhiteElo "2174"]
[BlackElo "2025"]

1. e4 d6 2. d4 Nf6 3. Nc3 c6 4. f4 Qa5 5. Bd3 e5 6. Nf3 Bg4 7. dxe5 dxe5
8. fxe5 Nfd7 9. Bf4 Bb4 10. O-O Bxc3 11. bxc3 O-O 12. Qe1 Bxf3 13. Rxf3 Nxe5
14. Rh3 Ng6 15. Bd6 Re8 16. e5 Nd7 17. Bxg6 fxg6 18. Qh4 h6 19. Qc4+ Kh7 20. e6
Ne5 21. Qb3 Rad8 22. Bxe5 Qxe5 23. Qxb7 Qc5+ 24. Kh1 Rxe6 25. Rf3 Red6 26. Raf1
Rd1 27. h3 R8d2 28. Qb8 Rxf1+ 29. Rxf1 Qg5 30. Rg1 Rxc2 31. Qxa7 Rxc3 32. Qf2
Qd5 33. Kh2 Ra3 34. Rf1 Rxa2 35. Qf3 Qxf3 36. Rxf3 c5 37. Rc3 Ra5 38. Kg3 g5
39. Kf3 Kg6 40. Ke4 h5 41. Rc2 Ra4+ 42. Kf3 c4 43. Ke4 c3+ 44. Kd3 Ra3 45. Kc4
Ra7 46. Kd3 Rc7 47. Ke4 Kf6 48. Rf2+ Ke6 49. Rc2 Rc8 50. Kd4 g4 51. hxg4 hxg4
52. Ke4 Kf6 53. g3 Kg5 54. Kd3 Rf8 55. Rxc3 Rf3+ 56. Kd2 Rxc3 57. Kxc3 Kf5
58. Kd4 Kf6 59. Ke4 g5 60. Kd4 Kf5 61. Kd5 Kf6 62. Kd6 Kf5 63. Kd5 Kf6 1/2-1/2

[Event "Open Ricany 2oo9"]
[Site "?"]
[Date "2009.08.23"]
[Round "2.24"]
[White "Straka ,Vojtech"]
[Black "Berg ,Antonin"]
[Result "1-0"]
[WhiteElo "2039"]
[BlackElo "1890"]

1. d4 d5 2. Nf3 Nf6 3. Bg5 e6 4. e3 Nbd7 5. Bd3 c6 6. Nbd2 Be7 7. O-O O-O 8. c3
b6 9. Qa4 Bb7 10. Ne5 Qc7 11. f4 a6 12. Rae1 Rae8 13. Bb1 Nh5 14. Bxe7 Rxe7
15. Qd1 g6 16. Ndf3 f5 17. Nxd7 Qxd7 18. Ne5 Qc7 19. Kh1 Nf6 20. g4 Ne4 21. Bxe4
dxe4 22. Rg1 Rg7 23. Rg3 c5 24. gxf5 exf5 25. d5 Qd6 26. c4 Re8 27. Qd2 Rxe5
28. fxe5 Qxe5 29. Qf2 g5 30. Reg1 h6 31. Rh3 Rg6 32. Qg3 Qxg3 33. Rhxg3 Kf7
34. R3g2 Kf6 35. h4 g4 36. Kh2 Ke5 37. Kg3 h5 38. Rd1 Rd6 39. Rf2 b5 40. b3 b4
41. Rdf1 Bc8 42. Ra1 Rb6 43. a3 a5 44. axb4 axb4 45. Ra7 Ra6 46. Rxa6 Bxa6
47. Ra2 Bc8 48. Ra5 f4+ 49. exf4+ Kd4 50. Ra8 Bf5 51. Rf8 Bd7 52. Rf7 Bc8 53. d6
e3 54. d7 e2 55. d8=Q+ 1-0

[Event "Open Ricany 2oo9"]
[Site "?"]
[Date "2009.08.23"]
[Round "2.35"]
[White "Kubik ,Jaroslav"]
[Black "Chromovsky ,Hynek"]
[Result "1-0"]
[WhiteElo "1975"]
[BlackElo "1802"]

1. c4 c5 2. Nc3 Nc6 3. Nf3 g6 4. g3 Bg7 5. Bg2 e6 6. e4 Nge7 7. O-O d5 8. d3
dxc4 9. dxc4 O-O 10. Bg5 Qc7 11. Nb5 Qb6 12. e5 Nf5 13. Re1 h6 14. Bf6 Bxf6
15. exf6 Qd8 16. Qxd8 Rxd8 17. Rad1 Rxd1 18. Rxd1 a6 19. Nd6 e5 20. Ne4 b6
21. Nd6 Rb8 22. Nxc8 Rxc8 23. Bh3 Re8 24. Bxf5 gxf5 25. Rd6 Re6 26. Rd5 e4
27. Nh4 Rxf6 28. Nxf5 Nb4 29. Rd8+ Kh7 30. Nd6 Nxa2 31. Nxe4 Re6 32. f3 Nb4
33. Kf2 Nc6 34. Rd6 Na5 35. Rxe6 fxe6 36. Nd2 b5 37. cxb5 axb5 38. Ke3 Kg6
39. Ke4 Kf6 40. h4 Nc6 41. Nb3 c4 42. Nd4 Na7 43. g4 b4 44. f4 Nc8 45. Nc6 Nb6
46. Nxb4 Na4 47. Kd4 Nxb2 48. Kc3 Nd3 49. Nxd3 cxd3 50. Kxd3 e5 51. g5+ hxg5
52. fxg5+ 1-0

[Event "Open Ricany 2oo9"]
[Site "?"]
[Date "2009.08.23"]
[Round "2.38"]
[White "Svoboda ,Zdenek"]
[Black "Hadrava ,Jaroslav"]
[Result "0-1"]
[WhiteElo "1717"]
[BlackElo "1963"]

1. e4 d5 2. exd5 Nf6 3. d4 Nxd5 4. Nf3 Bf5 5. Bd3 Bxd3 6. Qxd3 c6 7. O-O e6
8. a3 Be7 9. c4 Nf6 10. Ne5 O-O 11. Nc3 Re8 12. Bg5 Nbd7 13. f4 Qc7 14. Rad1
Rad8 15. Rf3 Nf8 16. b4 a5 17. Ne4 Nxe4 18. Bxe7 Qxe7 19. Qxe4 axb4 20. Rdd3 f6
21. Ng4 f5 22. Nh6+ gxh6 23. Rg3+ Ng6 24. Qe5 Kf7 25. Qe2 Nxf4 26. Qe5 Ng6
27. Qe2 Qf6 28. Qd2 f4 29. Rgf3 Qg5 30. g3 Kg8 31. h4 Nxh4 32. Rxf4 Ng6 33. Rff3
Qxd2 34. Rxd2 bxa3 35. Rxa3 Re7 36. Rb2 Rxd4 37. Ra7 Rxc4 38. Rbxb7 Rxb7
39. Rxb7 Rc2 40. Rd7 c5 41. Rc7 c4 42. Rc6 Nf8 43. Rc7 Ng6 44. Kf1 h5 45. Kg1 c3
46. Kf1 h4 47. g4 h3 48. Kg1 Rc1+ 49. Kh2 c2 50. Kxh3 Rh1+ 51. Kg2 c1=Q 0-1

[Event "Open Ricany 2oo9"]
[Site "?"]
[Date "2009.08.23"]
[Round "2.26"]
[White "Havlicek ,Pavel"]
[Black "Fikr ,Lukas"]
[Result "1-0"]
[WhiteElo "1774"]
[BlackElo "1996"]

1. e4 c5 2. Nf3 e6 3. d4 cxd4 4. Nxd4 Nf6 5. Bd3 Nc6 6. Nf3 a6 7. a4 Qc7 8. Nc3
Bd6 9. Ne2 b6 10. Ng3 Bb7 11. Qe2 h5 12. c3 h4 13. Nf1 O-O-O 14. Bxa6 Rh5
15. Bxb7+ Kxb7 16. Bg5 Ra8 17. N1d2 h3 18. g3 Ra5 19. Bxf6 gxf6 20. b4 Ra8
21. O-O Rg8 22. a5 bxa5 23. bxa5 Kc8 24. Nd4 Rxa5 25. Rxa5 Qxa5 26. Nxc6 dxc6
27. Nc4 Qc5 28. Nxd6+ Qxd6 29. Ra1 Rd8 30. Ra8+ Kd7 31. Rxd8+ Kxd8 32. Kf1 f5
33. exf5 Qd5 34. f3 Qxf5 35. Qd2+ Ke7 36. Kf2 Qc5+ 37. Qe3 Kd6 38. f4 Qd5
39. Qf3 Qxf3+ 40. Kxf3 Kd5 41. Ke3 Kc4 42. Kd2 f5 43. Kc2 c5 44. Kd2 1-0

[Event "Open Ricany 2oo9"]
[Site "?"]
[Date "2009.08.23"]
[Round "2.7"]
[White "Dolezal ,Radoslav"]
[Black "Umanec ,Filip"]
[Result "0-1"]
[WhiteElo "2027"]
[BlackElo "2175"]

1. e4 d5 2. exd5 Qxd5 3. Nc3 Qd6 4. d4 Nf6 5. Nf3 a6 6. Be2 Nbd7 7. O-O b5
8. a3 Bb7 9. Be3 e6 10. Qd2 Be7 11. Rfd1 O-O 12. Bf4 Qb6 13. Ne5 Rfd8 14. Qe3 c5
15. dxc5 Bxc5 16. Qg3 Rac8 17. Nxd7 Nxd7 18. Rd3 e5 19. Be3 e4 20. Rd2 Bxe3
21. Qxe3 Qxe3 22. fxe3 Nf6 23. Rad1 Rxd2 24. Rxd2 Kf8 25. Kf2 Ke7 26. h4 Rc5
27. Kg3 Ne8 28. Kf4 Nd6 29. g4 h5 30. Rd4 hxg4 31. Bxg4 f5 32. Be2 Rc8 33. a4
Bc6 34. axb5 axb5 35. Na2 Rh8 36. Kg3 Rh6 37. Nb4 Rg6+ 38. Kf4 Bb7 39. Bh5 Rg2
40. b3 g6 41. Bd1 Ke6 42. c3 Nf7 43. c4 g5+ 44. hxg5 Nxg5 0-1

[Event "Open Ricany 2oo9"]
[Site "?"]
[Date "2009.08.23"]
[Round "2.5"]
[White "Novak ,Jindrich"]
[Black "Mejzlik ,Ondrej"]
[Result "0-1"]
[WhiteElo "2036"]
[BlackElo "2206"]

1. Nf3 d5 2. d4 c6 3. Bg5 Bf5 4. e3 Qb6 5. Nbd2 e6 6. Be2 Nd7 7. O-O Ngf6
8. Nh4 Bg6 9. c4 Qxb2 10. Nxg6 hxg6 11. Rb1 Qxa2 12. Bxf6 gxf6 13. cxd5 exd5
14. Rxb7 Bd6 15. Nf3 Rb8 16. Rxb8+ Nxb8 17. Bd3 a5 18. e4 Bb4 19. e5 f5 20. Qc1
Rh5 21. e6 fxe6 22. Bb5 Qa3 23. Bxc6+ Ke7 24. Qc2 Qc3 25. Qxc3 Bxc3 26. Bb5 Bb4
27. Rc1 Bd6 28. Rc8 g5 29. Ne5 Rh7 30. Rg8 g4 31. g3 Kf6 32. Kg2 Rg7 33. Rh8 Rb7
34. Bc6 Nxc6 35. Nxc6 a4 36. Rh6+ Kg7 37. Rxe6 a3 38. Re1 Rb2 39. Ra1 Kf6
40. Ne5 Rd2 41. Nc6 Ke6 42. Re1+ Kd7 43. Ne5+ Kc7 44. Rc1+ Kb7 45. Nf7 Bb4
46. Rb1 Rb2 47. Ra1 a2 48. Nh6 Bc3 49. Rxa2 Rxa2 50. Nxf5 Be1 51. Ne3 Bxf2
52. Nxg4 Bxd4+ 53. Kf3 Kc6 54. h4 Kd6 55. Nh6 Ke6 56. g4 Rf2+ 57. Kg3 Rf8 58. g5
Be5+ 59. Kg4 d4 60. g6 d3 0-1

[Event "Open Ricany 2oo9"]
[Site "?"]
[Date "2009.08.23"]
[Round "2.15"]
[White "Halla ,Jiri"]
[Black "Voracek ,Zdenek"]
[Result "0-1"]
[WhiteElo "1894"]
[BlackElo "2075"]

1. b3 d5 2. Bb2 c5 3. e3 Nf6 4. f4 g6 5. Nf3 Bg7 6. Bb5+ Bd7 7. Qe2 O-O 8. Bxd7
Nbxd7 9. O-O Qb6 10. d3 Rac8 11. Nbd2 Rfd8 12. Kh1 Qa6 13. c4 e6 14. Ne5 Ne8
15. Ndf3 f6 16. Nxd7 Rxd7 17. g4 Rcd8 18. Rf2 dxc4 19. dxc4 Qc6 20. Kg2 Nd6
21. Kh3 Ne4 22. Rg2 Kf7 23. g5 e5 24. gxf6 Qe6+ 25. Kh4 Bxf6+ 26. Ng5+ Bxg5+
27. fxg5 h6 28. Qf3+ Qf5 29. Qxf5+ gxf5 30. gxh6 Rh8 31. Rg7+ Kf8 32. Kh5 Rxg7
33. Bxe5 Rg5+ 0-1

[Event "Open Ricany 2oo9"]
[Site "?"]
[Date "2009.08.23"]
[Round "2.28"]
[White "Pospisil ,Evzen"]
[Black "Lexa ,Vaclav"]
[Result "1-0"]
[WhiteElo "2208"]
[BlackElo "1895"]

1. d4 d5 2. Bf4 Nf6 3. e3 e6 4. Nf3 c5 5. c3 Nc6 6. Nbd2 Bd6 7. Ne5 Qc7 8. Bb5
O-O 9. Bxc6 bxc6 10. Qa4 Bb7 11. Ndf3 Nd7 12. Nxd7 Qxd7 13. dxc5 Bxc5 14. Ne5
Qe8 15. Nd3 Bb6 16. Bd6 f6 17. Bxf8 Qxf8 18. O-O Qd6 19. b4 Rf8 20. Rab1 e5
21. Rfd1 Bc8 22. Nc5 f5 23. Qb3 Kh8 24. c4 d4 25. exd4 exd4 26. Nd3 Bc7 27. f4
Re8 28. Ne5 Qf6 29. Qg3 Bxe5 30. fxe5 Rxe5 31. Qxe5 Qxe5 32. Re1 Qe4 33. Rxe4
fxe4 34. Rd1 d3 35. Kf2 g5 36. Ke3 Be6 37. Rc1 Bf5 38. a4 a6 39. b5 1-0

[Event "Open Ricany 2oo9"]
[Site "?"]
[Date "2009.08.23"]
[Round "2.36"]
[White "Rezac ,Jindrich"]
[Black "Vlcek ,Marek"]
[Result "1-0"]
[WhiteElo "1818"]
[BlackElo "1972"]

1. e4 d5 2. exd5 Nf6 3. Nc3 Nxd5 4. Nxd5 Qxd5 5. d4 Nc6 6. Be3 Bf5 7. c3 O-O-O
8. Qa4 e5 9. dxe5 Qxe5 10. Nf3 Qe4 11. Qxe4 Bxe4 12. Be2 f6 13. O-O g5 14. Nd4
Nxd4 15. Bxd4 Be7 16. Bg4+ Kb8 17. Rfe1 Rxd4 18. cxd4 f5 19. Bxf5 Bxf5 20. Rxe7
Rd8 21. Rd1 c5 22. d5 Bc2 23. Rd2 Bb1 24. a3 Rd6 25. f3 a5 26. Kf2 c4 27. Ke3
Ba2 28. Rxh7 b5 29. Rg7 b4 30. axb4 axb4 31. Rxg5 Kc7 32. Ke4 Kb6 33. Ke5 Rd8
34. Rg6+ Kc5 35. d6 Re8+ 36. Kf6 Bb1 37. Rg5+ Kc6 38. d7 Rd8 39. Ke7 c3 40. Rd6+
Kc7 41. Rc5+ Kb7 42. bxc3 1-0

[Event "Open Ricany 2oo9"]
[Site "?"]
[Date "2009.08.23"]
[Round "3.5"]
[White "Mejzlik ,Ondrej"]
[Black "Vevera ,Radek"]
[Result "1-0"]
[WhiteElo "2206"]
[BlackElo "2092"]

1. c4 e5 2. Nc3 Nf6 3. g3 d5 4. cxd5 Nxd5 5. Bg2 Nb6 6. Nf3 Nc6 7. O-O Be7
8. d3 O-O 9. Be3 Be6 10. Qd2 Qd7 11. Rfd1 Rfd8 12. Ne4 f6 13. Nc5 Bxc5 14. Bxc5
Qf7 15. b3 Rab8 16. Rac1 Nd4 17. Bxd4 exd4 18. Qf4 c6 19. Nxd4 g5 20. Qe3 Bd5
21. Nf5 Kh8 22. Bxd5 Nxd5 23. Qf3 Rd7 24. Rc4 Rbd8 25. h4 Ne7 26. Nh6 Qg6
27. hxg5 fxg5 28. Nf7+ 1-0

[Event "Open Ricany 2oo9"]
[Site "?"]
[Date "2009.08.23"]
[Round "3.30"]
[White "Skalicky ,Tomas"]
[Black "Matejka ,Vladimir"]
[Result "1/2-1/2"]
[WhiteElo "1607"]
[BlackElo "1993"]

1. e4 d6 2. d4 Nf6 3. Nc3 g6 4. Bc4 Bg7 5. Nf3 O-O 6. O-O Nxe4 7. Bxf7+ Rxf7
8. Nxe4 Bg4 9. Neg5 Rf8 10. h3 Bxf3 11. Nxf3 e5 12. Bg5 Qd7 13. dxe5 dxe5
14. Qxd7 Nxd7 15. Rad1 Nb6 16. b3 h6 17. Be3 Rad8 18. Rd2 Rxd2 19. Nxd2 Nd5
20. Ne4 Nxe3 21. fxe3 Rd8 22. Kf2 Kf7 23. Ke2+ Ke7 24. Rd1 Rxd1 25. Kxd1 b6
26. Ke2 Ke6 27. g4 Bf8 28. c4 Be7 29. Nc3 Bb4 30. Nd5 Bd6 31. Kf3 c6 32. Nc3 a6
33. Ne4 Ba3 34. Ke2 a5 35. Kd2 b5 36. Kc2 Be7 37. a4 bxa4 38. bxa4 Ba3 39. Kd1
1/2-1/2

[Event "Open Ricany 2oo9"]
[Site "?"]
[Date "2009.08.23"]
[Round "3.6"]
[White "Boucek ,Vlastimil"]
[Black "Hosticka ,Frantisek"]
[Result "1/2-1/2"]
[WhiteElo "2032"]
[BlackElo "2185"]

1. e4 d5 2. exd5 Qxd5 3. h3 e5 4. d3 Nf6 5. Nf3 c6 6. Nc3 Qa5 7. Bd2 Nbd7 8. a3
Qc7 9. g3 Bd6 10. Bg2 O-O 11. O-O a5 12. Nh4 Nc5 13. Ne4 Be7 14. Nxc5 1/2-1/2

[Event "Open Ricany 2oo9"]
[Site "?"]
[Date "2009.08.23"]
[Round "3.39"]
[White "Vlcek ,Marek"]
[Black "Chromovsky ,Hynek"]
[Result "0-1"]
[WhiteElo "1972"]
[BlackElo "1802"]

1. d4 Nf6 2. Nf3 e6 3. e3 c5 4. Bd3 Nc6 5. c3 Qc7 6. Nbd2 b6 7. O-O Bd6 8. Qe2
Ng4 9. h3 h5 10. e4 cxd4 11. Nxd4 Bb7 12. N2f3 a6 13. Re1 Nge5 14. Bc2 f6
15. Nxe5 Nxe5 16. f4 Nc6 17. Nxc6 Qxc6 18. Be3 O-O-O 19. Rad1 Rdg8 20. Rd2 g5
21. fxg5 fxg5 22. Red1 Bf4 23. Rxd7 h4 24. Bxf4 gxf4 25. R7d6 Qc5+ 26. R1d4 Kb8
27. Kh2 Qe5 28. Kh1 Rg3 29. Rxb6 Re3 30. Qf1 Ka7 31. Rbd6 Rg8 32. Bb3 Qg5
33. Bxe6 Re1 34. Bg4 Rxf1+ 35. Kh2 f3 36. gxf3 Qf4+ 37. Kg2 Qxf3+ 0-1

[Event "Open Ricany 2oo9"]
[Site "?"]
[Date "2008.08.23"]
[Round "3.11"]
[White "Postupa ml.,Pavel"]
[Black "Havlicek ,Pavel"]
[Result "1/2-1/2"]
[WhiteElo "2131"]
[BlackElo "1774"]

1. e4 e5 2. Nf3 Nc6 3. Bb5 Bc5 4. O-O d6 5. c3 Bg4 6. d3 Ne7 7. Be3 Bb6 8. Nbd2
O-O 9. h3 Bd7 10. b4 f5 11. Bc4+ Kh8 12. Ng5 Qe8 13. Qb3 Nd8 14. Bxb6 axb6
15. Ne6 Nxe6 16. Bxe6 Ba4 17. Qb2 Qg6 18. Bb3 Bd7 19. Kh2 Qg5 20. Qc1 f4 21. Nf3
Qh6 22. d4 g5 23. dxe5 g4 24. Ng1 dxe5 25. c4 c5 26. Qc3 Nc6 27. bxc5 bxc5
28. Rae1 Nd4 29. Qb2 Qh5 30. Bd1 Qh6 31. Qxb7 Be6 1/2-1/2

[Event "Open Ricany 2oo9"]
[Site "?"]
[Date "2009.08.23"]
[Round "3.42"]
[White "Ruzicka st., Vaclav "]
[Black "Pospisil ,Martin"]
[Result "0-1"]
[WhiteElo "1777"]
[BlackElo "1868"]

1. e4 c5 2. Nc3 Nc6 3. g3 g6 4. Bg2 Bg7 5. f4 d6 6. Nf3 e6 7. O-O Nge7 8. d3
O-O 9. Be3 b6 10. Bf2 d5 11. e5 Bb7 12. g4 a6 13. a3 Qc7 14. Qe1 Nd8 15. Bh4 f5
16. exf6 Bxf6 17. Bxf6 Rxf6 18. Ng5 Rxf4 19. Rxf4 Qxf4 20. Nxe6 Qf6 21. Nc7 Rc8
22. N7xd5 Nxd5 23. Qe8+ Kg7 24. Nxd5 Qd4+ 25. Qe3 Bxd5 26. Qxd4+ cxd4 27. Bxd5
Rxc2 28. b4 Rc3 29. Be4 Nf7 30. h3 Nd6 31. a4 Nxe4 32. dxe4 Re3 33. e5 Rxe5
34. Rd1 Rd5 35. Kf2 Kf6 36. h4 Ke5 37. Kf3 d3 38. Ke3 Rd4 39. b5 axb5 40. axb5
Re4+ 41. Kf3 Kd4 42. h5 gxh5 43. gxh5 Re5 44. h6 Rxb5 45. Rh1 Rf5+ 46. Kg2 d2
0-1

[Event "Open Ricany 2oo9"]
[Site "?"]
[Date "2009.08.23"]
[Round "3.1"]
[White "Vokac ,Marek"]
[Black "Umanec ,Filip"]
[Result "1/2-1/2"]
[WhiteElo "2466"]
[BlackElo "2175"]

1. c4 e6 2. g3 d5 3. Bg2 Nf6 4. Nf3 c6 5. b3 Nbd7 6. Bb2 Bd6 7. O-O O-O 8. d3
Qc7 9. Nc3 Re8 10. Rc1 dxc4 11. bxc4 Qa5 12. Rc2 h6 13. Nd2 e5 14. Nce4 Bf8
15. Qa1 Nxe4 16. Nxe4 Nc5 17. Nxc5 Qxc5 18. Bc3 Bf5 19. Bd2 Qe7 20. Rb2 Qd7
21. Qb1 b6 22. a4 Rab8 23. Be3 Bd6 24. Rc1 Ba3 25. Rb3 Bxc1 26. Qxc1 c5 27. Qa1
Qd6 28. h3 Bd7 29. g4 Bc6 30. Bxc6 Qxc6 31. f3 Re6 32. a5 Qc7 33. Kg2 Rg6
34. axb6 axb6 35. Ra3 Re8 36. Ra8 Qc6 37. Rxe8+ Qxe8 38. Qa7 f5 39. Kf1 Qe6
40. Ke1 Kh7 41. Qb7 fxg4 42. hxg4 Qc6 43. Qe7 Qe6 44. Qb7 Qd6 45. Qe4 Kg8
46. Kf2 Re6 47. Qa8+ Qf8 48. Qd5 Qf7 49. Ke1 Re7 50. Qe4 Re8 51. Kf2 Kh8 52. Ke1
Qe7 53. Kf2 Rb8 54. Kg2 Rb7 55. Bf2 Rb8 56. Be3 Rb7 57. Bf2 Rb8 58. Be3 1/2-1/2

[Event "Open Ricany 2oo9"]
[Site "?"]
[Date "2009.08.23"]
[Round "3.9"]
[White "Framberk ,Jan"]
[Black "Drabek ,Vojtech"]
[Result "0-1"]
[WhiteElo "2025"]
[BlackElo "2156"]

1. d4 Nf6 2. Bg5 d5 3. Bxf6 exf6 4. e3 Bd6 5. c4 dxc4 6. Bxc4 O-O 7. Ne2 c5
8. dxc5 Bxc5 9. Nbc3 Nc6 10. O-O Bg4 11. Qa4 Ne5 12. Rfd1 Qc8 13. Bd5 Qf5
14. Rd2 Rad8 15. Rad1 Bb6 16. Be4 Qh5 17. Rxd8 Bxd8 18. Rd2 Bxe2 19. Nxe2 Bc7
20. Ng3 Qh4 21. h3 g6 22. Qxa7 Bb8 23. Qxb7 Nc4 24. Re2 Bxg3 25. fxg3 Qxg3
26. Qb3 Rd8 27. Bf3 Nd2 28. Rxd2 Rxd2 29. a4 Qf2+ 30. Kh1 Rxb2 31. Qc3 Rb1+
32. Kh2 Qg1+ 33. Kg3 Qe1+ 34. Qxe1 Rxe1 35. Kf4 Kf8 36. Ke4 Ke7 37. Kd4 Kd6
38. Kc4 Rxe3 39. Kb5 Rb3+ 40. Ka6 f5 41. a5 Ke5 42. Ka7 Kf4 43. a6 g5 44. Bb7 g4
45. Kb8 gxh3 46. gxh3 Rxh3 47. Bd5 Ra3 48. a7 h5 49. Bxf7 h4 50. a8=Q Rxa8+
51. Kxa8 Kg3 52. Kb7 f4 53. Kc6 f3 0-1

[Event "Open Ricany 2oo9"]
[Site "?"]
[Date "2009.08.23"]
[Round "3.12"]
[White "Ruzicka ml., Vaclav "]
[Black "Straka ,Vojtech"]
[Result "1/2-1/2"]
[WhiteElo "2024"]
[BlackElo "2039"]

1. e4 c5 2. Nf3 d6 3. d4 cxd4 4. Nxd4 Nf6 5. Nc3 Nc6 6. Be3 Ng4 7. Nxc6 bxc6
8. Qd2 Nxe3 9. Qxe3 Qb6 10. Qxb6 axb6 11. Bd3 g6 12. O-O Bg7 13. Nd1 O-O 14. c3
Be6 15. a3 Ra7 16. f4 b5 17. Ne3 1/2-1/2

[Event "Open Ricany 2oo9"]
[Site "?"]
[Date "2009.08.23"]
[Round "3.25"]
[White "Moravec ,Vit"]
[Black "Feierfeil ,Jiøí"]
[Result "1-0"]
[WhiteElo "2053"]
[BlackElo "1885"]

1. e4 c5 2. Nf3 d6 3. d4 cxd4 4. Qxd4 a6 5. Nc3 Nc6 6. Qd1 Nf6 7. Bg5 e6 8. Qd2
Be7 9. O-O-O Qc7 10. Nd4 Nxd4 11. Qxd4 Bd7 12. f4 e5 13. Qd2 Bc6 14. Bxf6 gxf6
15. f5 b5 16. Kb1 Qb7 17. Qe3 a5 18. Nd5 O-O 19. Qh6 Bxd5 20. Rd3 Bxe4 21. Rg3+
1-0

[Event "Open Ricany 2oo9"]
[Site "?"]
[Date "2009.08.23"]
[Round "3.26"]
[White "Hrdina ,Robin"]
[Black "Novak ,Jindøich"]
[Result "0-1"]
[WhiteElo "1859"]
[BlackElo "2036"]

1. e4 d6 2. d4 e5 3. d5 f5 4. Nc3 Nf6 5. Bd3 fxe4 6. Bxe4 Nxe4 7. Nxe4 Bf5
8. Ng3 Bg6 9. Nf3 Be7 10. Be3 Nd7 11. h4 Nf6 12. Ng5 Bf7 13. Nxf7 Kxf7 14. h5
Qd7 15. Qd3 Qg4 16. c4 b5 17. b3 a5 18. h6 g6 19. O-O Qh4 20. Rfc1 b4 21. c5
Raf8 22. Rc4 Ng4 23. Bd2 Kg8 24. f3 Qh2+ 25. Kf1 Qxg3 0-1

[Event "Open Ricany 2oo9"]
[Site "?"]
[Date "2009.08.23"]
[Round "3.17"]
[White "Krasnay ,Peter"]
[Black "Kaiser ,Rudolf"]
[Result "1/2-1/2"]
[WhiteElo "2088"]
[BlackElo "1961"]

1. e4 c5 2. Nf3 Nc6 3. d4 cxd4 4. Nxd4 g6 5. Nc3 Bg7 6. Be3 Nf6 7. f3 O-O
8. Bc4 Qb6 9. Bb3 Ng4 10. fxg4 Bxd4 11. Nd5 Qa5+ 12. c3 Bxe3 13. Nxe3 Qe5
14. Qf3 d6 15. O-O-O a5 16. a4 Be6 17. Bd5 Rac8 18. Kb1 Qg7 19. h4 h6 20. g5 h5
21. Bxc6 bxc6 22. g4 Rb8 23. Rc1 Rb3 24. gxh5 Rfb8 25. Nd1 d5 26. hxg6 1/2-1/2

[Event "Open Ricany 2oo9"]
[Site "?"]
[Date "2009.08.22"]
[Round "3.2"]
[White "Fojtu ,Jan"]
[Black "Kulhanek ,Tomas"]
[Result "0-1"]
[WhiteElo "2093"]
[BlackElo "2444"]

1. e4 c5 2. Nf3 Nc6 3. d4 cxd4 4. Nxd4 g6 5. c4 Nf6 6. f3 Nxd4 7. Qxd4 d6
8. Be3 Bg7 9. Nc3 O-O 10. Qd2 Be6 11. Rc1 a5 12. Be2 a4 13. O-O Qa5 14. b3 axb3
15. axb3 Nd7 16. Nd5 Bxd5 17. Qxa5 Rxa5 18. cxd5 Ra2 19. Bb5 Nc5 20. b4 Nb3
21. Rc7 Bd4 22. Bxd4 Nxd4 23. Bd3 Rd2 24. Bb1 Ra8 25. Rxe7 Ra3 26. e5 dxe5
27. d6 Re3 28. d7 Nc6 29. Re8+ Kg7 30. b5 Ree2 31. Rc1 Rxg2+ 32. Kf1 Rxh2
33. Ke1 Nd4 0-1

[Event "Open Ricany 2oo9"]
[Site "?"]
[Date "2009.08.23"]
[Round "3.16"]
[White "Hadrava ,Jaroslav"]
[Black "Skrivanek ,Jan"]
[Result "0-1"]
[WhiteElo "1963"]
[BlackElo "2136"]

1. e4 c5 2. Nf3 e6 3. d4 cxd4 4. Nxd4 g6 5. c4 Nf6 6. Nc3 Qc7 7. Bd3 Nc6
8. Nxc6 dxc6 9. O-O Bc5 10. Na4 Bd4 11. c5 e5 12. Be3 Bg4 13. Qd2 Rd8 14. f3 Be6
15. Bxd4 Rxd4 16. b3 O-O 17. Rad1 Qe7 18. Qc2 Nh5 19. Be2 Rfd8 20. Rxd4 Rxd4
21. Rd1 Qg5 22. Rxd4 exd4 23. Bf1 Nf4 24. Kh1 h5 25. Qd2 Qe5 26. Nb2 h4 27. Nc4
Bxc4 28. Bxc4 d3 29. h3 Qa1+ 30. Kh2 Ne2 31. Qe3 Ng3 32. Qg1 Qxg1+ 0-1